al-Wasāʼil al-taʻlīmīyah wa-al-manhaj, (Record no. 47164)
[ view plain ]
| 000 -LEADER | |
|---|---|
| fixed length control field | 00800cam a22002291 4500 |
| 001 - CONTROL NUMBER | |
| control field | ne 64001584 |
| 003 - CONTROL NUMBER IDENTIFIER | |
| control field | DLC |
| 005 - DATE AND TIME OF LATEST TRANSACTION | |
| control field | 20260227111801.0 |
| 008 - FIXED-LENGTH DATA ELEMENTS--GENERAL INFORMATION | |
| fixed length control field | 840113s1964 ua 000 0 arar |
| 010 ## - LIBRARY OF CONGRESS CONTROL NUMBER | |
| LC control number | ne 64001584 |
| 035 ## - SYSTEM CONTROL NUMBER | |
| System control number | (OCoLC)10298059 |
| 040 ## - CATALOGING SOURCE | |
| Original cataloging agency | DLC |
| Transcribing agency | TxU |
| Modifying agency | TxU |
| -- | DLC |
| 042 ## - AUTHENTICATION CODE | |
| Authentication code | premarc |
| 050 00 - LIBRARY OF CONGRESS CALL NUMBER | |
| Classification number | LB1027 |
| Item number | .K28 |
| 100 1# - MAIN ENTRY--PERSONAL NAME | |
| Personal name | Kāẓim, Aḥmad Khayrī Muḥammad. |
| 245 13 - TITLE STATEMENT | |
| Title | al-Wasāʼil al-taʻlīmīyah wa-al-manhaj, |
| Statement of responsibility, etc. | taʼlīf Aḥmad Khayrī Muḥammad Kāẓim [wa] Jābir ʻAbd al-Ḥamīd Jābir. |
| 260 ## - PUBLICATION, DISTRIBUTION, ETC. | |
| Place of publication, distribution, etc. | [al-Qāhirah] |
| Name of publisher, distributor, etc. | Dār al-Nahḍah al-ʻArabīyah, |
| Date of publication, distribution, etc. | 1964. |
| 300 ## - PHYSICAL DESCRIPTION | |
| Extent | 6, 366 p. |
| Other physical details | illus., diagrs. |
| Dimensions | 24 cm. |
| 504 ## - BIBLIOGRAPHY, ETC. NOTE | |
| Bibliography, etc. note | Bibliography: p. [357]-360. |
| 650 #0 - SUBJECT ADDED ENTRY--TOPICAL TERM | |
| Topical term or geographic name entry element | Teaching |
| General subdivision | Aids and devices. |
| 700 1# - ADDED ENTRY--PERSONAL NAME | |
| Personal name | Jābir, Jābir ʻAbd al-Ḥamīd, |
| Relator term | joint author. |
No items available.